| 000 | 01275na a2200337 4500 | ||
|---|---|---|---|
| 001 | 21821 | ||
| 003 | MIRAKIL | ||
| 005 | 20181226092843.0 | ||
| 008 | 170215b tu n0 0 0 | ||
| 035 | _a20918 | ||
| 040 |
_aMilas _btur _cTR-AnCHP |
||
| 041 | _atur | ||
| 082 |
_aCHP 050 _bÇYY 1992- |
||
| 090 | _a050 DER 29 | ||
| 245 |
_aÇağdaş Yerel Yönetimler _c[yayınlayan] Türkiye ve Orta Doğu Amme İdaresi Enstitüsü (TODAİE) |
||
| 260 |
_aAnkara _bTODAİE _c1992- |
||
| 300 |
_ac. _bres. _c24 sm. |
||
| 310 | _aÜç ayda bir | ||
| 362 | _a1. sayı (Ocak 1992)- | ||
| 500 | _aMevcut sayılar: (1, c.1) Ocak 1992; (2, c.1) Mart 1992; (3, c.1) Mayıs 1992; (4, c.1) Temmuz 1992; (2, c.9) Nisan 2000; (3, c.9) Temmuz 2000; (4, c.9) Ekim 2000; (3, c.10) Temmuz 2001; (4, c.10) Ekim 2001 | ||
| 610 | _xSüreli yayınlar | ||
| 650 |
_aKamu yönetimi _xSüreli yayınlar |
||
| 650 |
_aSiyaset ve yönetim _xSüreli yayınlar |
||
| 650 |
_aYerel yönetimler _xSüreli yayınlar |
||
| 651 |
_aTürkiye _xSiyaset ve yönetim _ySüreli yayınlar |
||
| 710 | _aTürkiye ve Orta Doğu Amme İdaresi Enstitüsü (TODİAE) | ||
| 740 | _aCHP Yerel Yönetimler Bülteni | ||
| 740 | _aCHP Yerel Yönetimler Dergisi | ||
| 910 | _aDERGİ 29 | ||
| 942 |
_2ddc _cSER |
||
| 999 |
_c11367 _d11367 |
||